[Event "Frankfurt-ch"]
[Site "Frankfurt"]
[Date "2007.04.30"]
[Round "1"]
[White "Knott, Tilo"]
[Black "Hierling, Stefan"]
[Result "1/2-1/2"]
[WhiteElo "1480"]
[BlackElo "1891"]
[PlyCount "79"]
[EventDate "2007.04.30"]
[EventType "swiss"]
[EventRounds "7"]
[EventCountry "GER"]
[SourceTitle "EXT 2008"]
[Source "ChessBase"]
[SourceDate "2007.11.25"]
[SourceVersion "1"]
[SourceVersionDate "2007.11.25"]
[SourceQuality "1"]

1. d4 d5 2. Nc3 Bf5 3. Nf3 h6 4. Bf4 c6 5. e3 Nf6 6. Bd3 Bxd3 7. Qxd3 Nbd7 8. 0-0 e6 9. Rfe1 Bb4 10. Re2 Bxc3 11. Qxc3 Ne4 12. Qe1 0-0 13. Ne5 Nxe5 14. Bxe5 f6 15. Bg3 Re8 16. f3 Ng5 17. Bf4 Nf7 18. e4 e5 19. dxe5 fxe5 20. Bg3 Qf6 21. Rd1 d4 22. c3 c5 23. cxd4 cxd4 24. Qf2 g5 25. h4 Rac8 26. hxg5 hxg5 27. Rc2 Rc6 28. Rdc1 Rec8 29. Qd2 Qe6 30. b3 R8c7 31. Rxc6 Rxc6 32. Rxc6 Qxc6 33. Bxe5 Nxe5 34. Qxg5+ Ng6 35. Qd8+ Kf7 36. Qxd4 b6 37. g3 Qc1+ 38. Kh2 Qc2+ 39. Kh3 Qc8+ 40. Kg2 1/2-1/2

[Event "Frankfurt-ch"]
[Site "Frankfurt"]
[Date "2006.05.22"]
[Round "5"]
[White "Hierling, Stefan"]
[Black "Uwira, Oliver"]
[Result "0-1"]
[WhiteElo "1923"]
[BlackElo "2169"]
[PlyCount "46"]
[EventDate "2006.04.24"]
[EventType "swiss"]
[EventRounds "7"]
[EventCountry "GER"]
[SourceTitle "EXT 2007"]
[Source "ChessBase"]
[SourceDate "2006.11.23"]
[SourceVersion "1"]
[SourceVersionDate "2006.11.23"]
[SourceQuality "1"]

1. e4 c5 2. Nc3 e6 3. Nf3 Nc6 4. d4 cxd4 5. Nxd4 Nf6 6. Nxc6 bxc6 7. e5 Nd5 8. Ne4 Qc7 9. f4 Qb6 10. Qf3 f5 11. exf6 Nxf6 12. Bd3 d5 13. Nf2 Bc5 14. 0-0 0-0 15. Qe2 e5 16. Qxe5 Bxf2+ 17. Rxf2 Qxf2+ 18. Kxf2 Ng4+ 19. Kg1 Nxe5 20. fxe5 c5 21. c3 Bf5 22. Bb5 Be4 23. Be3 Rab8 0-1